| 000 | 01437cam a22003495a 4500 | ||
|---|---|---|---|
| 001 | 3488127 | ||
| 005 | 20180529125707.0 | ||
| 008 | 940826s1994 enk frb 001 0 eng d | ||
| 010 | _a 94032596 | ||
| 020 | _a1856492834 | ||
| 020 | _a1856492842 (pbk.) | ||
| 020 | _a9781856492843 | ||
| 020 | _a8185107912 (New Delhi) | ||
| 040 |
_aDLC _beng _cDLC _dDLC _dEG-ScBUE |
||
| 043 | _ad------ | ||
| 082 | 0 | 4 |
_a363.96 _bCOR _222 |
| 100 | 1 | _aCorrĂȘa, Sonia. | |
| 245 | 1 | 0 |
_aPopulation and reproductive rights : _bfeminist perspectives from the South / _cSonia CorrĂȘa ; in collaboration with Rebecca Reichmann. |
| 260 |
_aLondon ; _aAtlantic Highlands, N.J. : _bZed Books ; _aNew Delhi : _bKali for Women in association with DAWN, _cc.1994. |
||
| 300 |
_axiii, 136 p. ; _c23 cm. |
||
| 504 | _aIncludes bibliographical references (p. 113-130) and index. | ||
| 650 | 7 |
_aBirth control _xMoral and ethical aspects. _2BUEsh |
|
| 650 | 7 |
_aBirth control _xSocial aspects _zDeveloping countries. _2BUEsh |
|
| 650 | 7 |
_aHuman reproduction _xMoral and ethical aspects. _2BUEsh |
|
| 650 | 7 |
_aHuman reproduction _xSocial aspects _zDeveloping countries. _2BUEsh |
|
| 650 | 7 |
_aFertility, Human _xSocial aspects _zDeveloping countries. _2BUEsh |
|
| 650 | 7 |
_aReproductive rights _zDeveloping countries. _2BUEsh |
|
| 651 | 7 |
_aDeveloping countries _xPopulation policy. _2BUEsh |
|
| 653 |
_bGGEN _cMay2018 |
||
| 700 | 1 | _aReichmann, Rebecca Lynn. | |
| 942 | _2ddc | ||
| 999 |
_c26781 _d26753 |
||